| Tag |
First Indicator |
Second Indicator |
Subfields |
| LEADER |
00000cam a2200000 4500 |
| 001 |
in00000039053 |
| 005 |
20151007081455.0 |
| 008 |
701217s1964 njub b 00110 eng |
| 010 |
|
|
|a 66023962
|
| 035 |
|
|
|a (OCoLC)00229143
|
| 035 |
|
|
|9 AAF6436AM
|
| 040 |
|
|
|a DLC
|c DLC
|d TXA
|d UtOrBLW
|
| 043 |
|
|
|a cl-----
|
| 049 |
|
|
|a TXAM
|c [413062]
|
| 050 |
0 |
0 |
|a F1414
|b .N4
|
| 082 |
0 |
|
|a 320.98
|
| 092 |
|
|
|a 320.98
|b N375p
|
| 100 |
1 |
|
|a Needler, Martin C.
|
| 245 |
1 |
0 |
|a Political systems of Latin America /
|c Martin C. Needler, editor.
|
| 264 |
|
1 |
|a Princeton, N.J. :
|b Van Nostrand,
|c [1964]
|
| 300 |
|
|
|a xiii, 545 pages :
|b maps. ;
|c 25 cm.
|
| 336 |
|
|
|a text
|b txt
|2 rdacontent
|
| 337 |
|
|
|a unmediated
|b n
|2 rdamedia
|
| 338 |
|
|
|a volume
|b nc
|2 rdacarrier
|
| 490 |
1 |
|
|a Van Nostrand political science series
|
| 504 |
|
|
|a Includes bibliographies.
|
| 651 |
|
0 |
|a Latin America
|x Politics and government
|y 1948-1980.
|
| 651 |
|
0 |
|a Latin America
|x Social conditions.
|
| 830 |
|
0 |
|a Van Nostrand political science series.
|
| 999 |
|
|
|a MARS
|
| 999 |
f |
f |
|s 6e7562ff-a83e-3d02-8786-90ac24b8e0d8
|i ee805a20-ab17-3291-a5fa-d21d1280c5d9
|t 0
|
| 952 |
f |
f |
|p ric
|a Texas A&M University
|b Rellis Campus
|c Joint Library Facility
|d Remote Storage
|t 0
|e F1414 .N4
|h Library of Congress classification
|i unmediated -- volume
|m A14800661227
|
| 998 |
f |
f |
|a F1414 .N4
|t 0
|l Remote Storage
|